Error - Book not found in Google Books : (Record no. 623117)

MARC details
000 -LEADER
fixed length control field 00375nam a2200145 a 4500
008 - FIXED-LENGTH DATA ELEMENTS--GENERAL INFORMATION
fixed length control field 260512s2026##################000#0#eng##
020 ## - INTERNATIONAL STANDARD BOOK NUMBER
ISBN 9780521264785
082 04 - DEWEY DECIMAL CLASSIFICATION NUMBER
Classification number 420.9
Item number BUR.5
245 10 - TITLE STATEMENT
Title Error - Book not found in Google Books :
942 ## - ADDED ENTRY ELEMENTS (KOHA)
Koha item type English Books
Holdings
Withdrawn status Lost status Damaged status Not for loan Home library Current library Date acquired Full call number Accession Number Price effective from Koha item type
        Anna Centenary Library Anna Centenary Library 12.05.2026 420.9 BUR.5 101395 12.05.2026 English Books

Find us on the map